000 00674nam a2200181Ia 4500
008 090124s9999 xx 000 0 und d
082 _b13560
_a5677
100 _aभावे पु. भा. (पुरुषोत्तम भास्कर)
245 _a चोरांचा बाजार
250 _a1
260 _c1963
300 _a232
600 _aभावे पु. भा. (पुरुषोत्तम भास्कर)
630 _a चोरांचा बाजार
700 _aभावे पु. भा. (पुरुषोत्तम भास्कर)
730 _a चोरांचा बाजार
942 _cBOOK
999 _c127499
_d127499